000 00596nam a2200193 i 4500
001 146499
003 ES-MaACL
005 20250909204129.0
007 t|
008 070911s1973 sp ||||1| spa d
080 _a371.322.6/.7
100 1 _aTort Gavín, Antonio.
_9111071
245 1 0 _aDinámica y técnica del estudio
_b: el trabajo intelectual en la educación personalizada /
_cAntonio Tort Gavín.
260 _a[Madrid] :
_bICCE,
_c[1973]
300 _a128 p. ;
_c21 cm.
650 1 4 _aEstudio-
_xMétodos
_912576
852 _aES-MaACL
_jC-47906
_bR.85040
999 _c146499
_d146499